| 000 | 00446nam a2200157Ia 4500 | ||
|---|---|---|---|
| 008 | 241127s9999||||xx |||||||||||||| ||und|| | ||
| 020 |
_a9789833655267 _c3737 |
||
| 040 |
_beng _cSSK Library _erda |
||
| 082 | _a681.25/BUS | ||
| 100 | _a Vladimir I. Busurin & Ahmad J. Alias - | ||
| 245 | 0 | _aSensor Technology And The Introduction To Optical Sensor Technology | |
| 260 | _c©2006 | ||
| 942 |
_22ddc _cBOOK _nNo |
||
| 999 |
_c9042 _d9042 |
||
| 003 | OSt | ||
| 005 | 20241127152757.0 | ||